| 000 | 00726nam a2200193 i 4500 | ||
|---|---|---|---|
| 001 | 94030 | ||
| 003 | ES-MaACL | ||
| 005 | 20250604062625.0 | ||
| 007 | t| | ||
| 008 | 050609s1903 sp ||||1| spa d | ||
| 100 | 1 |
_aMaura y Montaner, Antonio, _d1853-1925 _979224 |
|
| 245 | 1 | 0 | _aDiscursos pronunciados por los señores D. Francisco Silvela y D. Antonio Maura, al discutirse en el Congreso la contestación al mensaje de la Corona a las Cortes de 1903. |
| 260 |
_aMadrid : _b[s.n.], _c1903 ( _fImp. de L. Aguado) |
||
| 300 |
_a128 p. ; _c19 cm. |
||
| 651 | 4 |
_aEspaña- _xHistoria- _y1902-1931, Alfonso XIII _98276 |
|
| 700 | 1 |
_aSilvela, Francisco, _d1845-1905 _9106425 |
|
| 852 |
_aES-MaACL _jT-1032-F-9 |
||
| 999 |
_c94030 _d94030 |
||